Pathway to teaching : a guide to teacher training, student teaching, and finding a job /

Bibliographic Details
Main Author: Hougan, Eric (Author)
Corporate Author: ProQuest (Firm)
Format: eBook
Language:English
Published: Lanham, Maryland : Rowman & Littlefield, [2020]
Subjects:
Online Access:Connect to the full text of this electronic book

MARC

Tag First Indicator Second Indicator Subfields
LEADER 00000cam a2200000 i 4500
001 in00004135921
006 m do d |
007 cr |||||||||||
008 191025s2020 mdu of 000 0 eng
005 20250816210047.4
010 |a  2019046540 
020 |a 9781475847468  |q electronic book 
020 |a 1475847467  |q electronic book 
020 |z 9781475847444  |q hardcover 
020 |z 9781475847451  |q paperback 
024 8 |a 99984237203 
035 |a (DLC)ebc6140995 
037 |a 9781475847468  |b Ingram Content Group 
040 |a NhCcYBP  |c NhCcYBP  |d UtOrBLW 
042 |a pcc 
043 |a n-us--- 
050 4 |a LB1775.2  |b .H686 2020 
082 0 0 |a 371.102023  |2 23 
100 1 |a Hougan, Eric,  |e author.  |0 http://id.loc.gov/authorities/names/no2009165380 
240 1 0 |a Road to teaching  |0 http://id.loc.gov/authorities/names/no2019161735 
245 1 0 |a Pathway to teaching :  |b a guide to teacher training, student teaching, and finding a job /  |c Eric Hougan. 
264 1 |a Lanham, Maryland :  |b Rowman & Littlefield,  |c [2020] 
300 |a 1 online resource. 
336 |a text  |b txt  |2 rdacontent 
337 |a computer  |b c  |2 rdamedia 
338 |a online resource  |b cr  |2 rdacarrier 
500 |a Revised edition of: Road to teaching : a guide to teacher training, student teaching and finding a job. Charleston, SC : Booksurge, [2008]. 
588 |a Description based on online resource; title from digital title page (viewed on April 14, 2020). 
500 |a Electronic resource. 
650 0 |a Teaching  |x Vocational guidance  |z United States.  |0 http://id.loc.gov/authorities/subjects/sh2008112625 
650 0 |a Teachers  |x Training of  |z United States.  |0 http://id.loc.gov/authorities/subjects/sh85133001 
650 0 |a Teaching  |z United States.  |0 http://id.loc.gov/authorities/subjects/sh2008112618 
650 0 |a Teachers  |x Employment  |z United States. 
655 7 |a Electronic books.  |2 local 
710 2 |a ProQuest (Firm)  |0 http://id.loc.gov/authorities/names/n2007068018 
776 1 8 |i Print version:  |a Hougan, Eric.  |t Pathway to teaching.  |d Lanham : Rowman & Littlefield, [2020]  |z 9781475847444  |w (DLC) 2019046539 
856 4 0 |u https://ebookcentral.proquest.com/lib/tamucs/detail.action?docID=6140995  |z Connect to the full text of this electronic book  |t 0 
955 |a YBP purchased approval e-records 
980 |b 93.75  |g 1 
987 |a ybp16631721 
999 f f |s 4cab3bda-92cb-3dd4-8db2-aa0843f0fee8  |i 9ba639b9-a63e-367e-ab6e-f9b0c322dcda  |t 0 
952 f f |a Texas A&M University  |b College Station  |c Electronic Resources  |d Available Online  |t 0  |e LB1775.2 .H686 2020  |h Library of Congress classification 
998 f f |a LB1775.2 .H686 2020  |t 0  |l Available Online